000
00307nam a22001337a 4500
008
170714b xxu||||| |||| 00| 0 eng d
020
_a
9780872201927
041
_a
eng
080
_2
3RD
_a
101
100
_a
24
101
_a
FJA
245
_a
MEDITATIONS ON FIRST PHILOSOPHY
_c
DESCARTES,R
942
_2
udc
_c
BK
999
_c
20724
_d
20724